| 000 | 00734nam a2200289Ia 4500 | ||
|---|---|---|---|
| 005 | 20260324143652.0 | ||
| 008 | 008 260324s9999 xx 000 0 eng d | ||
| 020 | _a9781315748269 | ||
| 037 | _aEBOOK | ||
| 040 | _aCRL | ||
| 040 | _beng | ||
| 040 | _cCRL | ||
| 041 | _2eng | ||
| 041 | _aeng | ||
| 084 | _qCRL | ||
| 100 |
_aMurray G. H. Pittock _91216488 |
||
| 245 | 4 | _aThe Invention of Scotland (Routledge Revivals) | |
| 245 | 4 | _bThe Stuart Myth and the Scottish Identity, 1638 to the Present | |
| 260 | _bTaylor and Francis | ||
| 260 | _c1991 | ||
| 365 | _a | ||
| 365 | _b240 | ||
| 856 | _uhttp://www.taylorfrancis.com/books/9781315748269 | ||
| 942 | _cEBOOK | ||
| 999 |
_c1822153 _d1822153 |
||